Statistiques concernant Culture Générale - Série 791

Cliquez ici pour prendre le quiz!

Statistiques générales

  • Ce quiz a été pris 62 fois
  • Le résultat moyen est 7 sur 10

Statistiques - réponses

QuestionRéponse% Correct
Quel crustacé marin, appelé "lobster" en anglais, peut-être cuisiné "à l'américaine", "thermidor" ou en bisque ?homard
98%
Quel prénom ont en commun le créateur des prix Nobel, et le grand cinéaste Hitchcock ?Alfred
97%
Selon l'expression, un homme qui aime séduire de nombreuses femmes est un coureur de...jupon
97%
Un journal qui sort une fois par semaine est un hebdomadaire. Comment qualifie-t-on un journal qui paraît tous les jours ?quotidien
93%
Quel terme désigne à la fois une matière imitant le cuir et le disque noir, ancêtre du CD ?vinyle
75%
En français, sous quel nom connaît-on l'oeuvre de Mozart intitulée : "Die Zauberflöte" ?La Flûte enchantée
68%
Qui fut le second président de la IVe République ?René Coty
65%
Quel mot anglais, signifiant "couloir", désigne un groupe de pression défendant des intérêts financiers ou industriels ?lobby
62%
Recueil de pensées détachées, de remarques morales ou critiques, d'anecdotes, de bons mots,ana
35%
Quel nom porte le poney héros du feuilleton télévisé, créé par Cécile Aubry en 1961 ?Poly
32%

Distribution des résultats

Percentile par nombre de réponses

% des personnes avec chaque résultat

Votre développement - résultats

Vous n’avez pas pris ce quiz